000 01028nam a22002657a 4500
005 20090713161744.0
008 090713t xxu||||| |||| 00| 0 eng d
010 _aENG-94397
020 _a0070086818
_c295.00
020 _a9780070086814
_c295.00
035 _aEN-77930
037 _bDBAD / PUB
040 _adpl
_bEnglish
082 _a004.165
100 _aUdayashankara, V.
245 _a8051 Microcontroller:
_cby V. Udayashankara [and] M.S. Mallikarjunaswamy
_bhardware, software & applications /
246 _aEight thousand fifty one microcontroller:
260 _aNew Delhi
_bTata McGraw-Hill Publishing
_c2009
270 _a7 West Patel Nagar,
_bNew Delhi
_e110008
300 _axix, 304p.
_c25cm(pbk)
500 _a Includes index
700 _aMallikarjunaswamy, M.S.
942 _2ddc
_cEN
_mUDA
_h004.165
999 _c28250
_d28250